000
00311nam a22001097a 4500
082
_a
100
100
_a
ओशो
245
_a
कहै कबीर मैं पूरा पाया
260
_a
दिल्ली
_b
डायमंड बुक्स
_c
2013
650
_a
दशर्न
942
_c
HIN
999
_c
68355
_d
68355